000 00303nam a2200133Ia 4500
008 191201s2005 xx 000 0 und d
100 _aSMITH, E
245 0 _aHTML Example Book
250 _a1st
260 _aN.Delhi
_bBPB Publication
_c2005
300 _a492
650 _aB.Tech(IT)
942 _2ddc
_cBK
999 _c2875
_d2875